000 00471nam a2200181Ia 4500
005 20250326125310.0
008 250326s9999 xx 000 0 und d
037 _aTextbook
040 _aFMSL
_beng
_cFMSL
041 _aeng
_2eng
084 _aX62.44 L9
_qFMSL
100 _aDesai V
_9736900
245 0 _aIndian banking
_cDesai V
260 _aBombay
_bBombay, Himalaya
_c1979
300 _a383p
942 _cTB
_hX62.44 L9
999 _c1277418
_d1277418